000 01225nam a2200229 a 4500
001 000588698
003 AM-YeHGA
005 20260403110314.0
008 080701s1994 ai |||||r|||||||||0|arm|d
040 _aAM-YeHGA
041 0 _aarm
_afre
_arus
245 0 0 _aՖրանսիական առածներ և ասացվածքներ :
_bՌուսերեն և հայերեն թարգմանությամբ ու համարժեքներով /
_cԿազմ.՝ Ա.Հ. Նազարյան ; Խմբ.՝ Պ.Ս. Բեդիրյան.
246 1 4 _aProverbes et dictons francais .
_bAvec leurs traductions et equivalents russes et armeniens
246 1 4 _aФранцузские пословицы и поговорки .
_bC переводом и эквивалентами в русском и армянском языках
260 _aԵրևան :
_bՀելիոս,
_c1994.
300 _a183 էջ
546 _aՏեքստը՝ հայ., ռուս. և ֆրանս.
650 1 0 _aԲանահյուսություն
_xԱռածներ, ասացվածքներ
_95291
700 1 _aՆազարյան, Արման Հրանտի,
_d1928-2007
_eկազմ.
_4com
_91791
700 1 _aԲեդիրյան, Պետրոս Սարգսի,
_d1931-2026
_eխմբ․
_93189
942 _2udc
_cBK
999 _c239528
_d239528